Normal view
MARC view
Entry Topical Term
001 - CONTROL NUMBER
- control field: 31042
003 - CONTROL NUMBER IDENTIFIER
- control field: ARRUPE
005 - DATE AND TIME OF LATEST TRANSACTION
- control field: 20170524121839.0
008 - FIXED-LENGTH DATA ELEMENTS
- fixed length control field: 170524|| aca||aabn | a|a d
040 ## - CATALOGING SOURCE
- Original cataloging agency: ARRUPE
- Transcribing agency: ARRUPE
150 ## - HEADING--TOPICAL TERM
- Topical term or geographic name as entry element: Africa
- General subdivision: Description and travel
670 ## - SOURCE DATA FOUND
- Source citation: Work cat.: (ARRUPE)52843: Considine, John Joseph 31040, Africa, world of new men, 1954